Der medizinische Papyrus Edwin Smith : the New York Academy of Medicine, Inv. 217 : neu in Hieroglyphen übertragen, übersetzt und bearbeitet /

محفوظ في:

مؤلفون آخرون: Kosack, Wolfgang.

التنسيق: كتاب

اللغة: German

منشور في: [Basel : C. Brunner], 2011.

الموضوعات:

الوسوم: إضافة وسم

لا توجد وسوم, كن أول من يضع وسما على هذه التسجيلة!

رقم الطلب: PJ1681 .S6 K45

LEADER 00911nam a22002537a 4500
003 OSt
005 20251027095018.0
008 251027t2011 gw a b 000 0 ger d
020 |a 9783033033313 
040 |c ARCE Library 
050 1 4 |a PJ1681 .S6  |b K45 
245 1 0 |a Der medizinische Papyrus Edwin Smith :   |b the New York Academy of Medicine, Inv. 217 : neu in Hieroglyphen übertragen, übersetzt und bearbeitet /   |c Wolfgang Kosack. 
264 1 |a [Basel :   |b C. Brunner],   |c 2011. 
300 |a 102 p :   |b ill. (some col.) ;   |c 31 cm. 
500 |a "Berlin 2011". 
504 |a Includes bibliographical references. 
546 |a In German, with transcription of the original hieroglyphics. 
630 0 0 |a Edwin Smith surgical papyrus. 
650 0 |a Egyptian language -- Papyri. 
650 0 |a Surgery -- Early works to 1800. 
700 1 |a Kosack, Wolfgang. 
901 |a reviewed 
942 |2 lcc  |c BK 
999 |c 50360  |d 50360